000 01074nam a22003257a 4500
003 CHAP
005 20220329133804.0
008 971013s1976 r 00010 d
010 _a10923
011 _a11895
035 _a11669
040 _cCHAP
082 0 4 _a301.242
_bT3
100 0 0 _aTanaka, Michiko.
_9111578
245 1 _aMovimientos campesinos en la formación de Japón moderno
260 _aMéxico, D. F. :
_bEl Colegio de México. Centro de Estudios de Asia y Africa del Norte,
_c1976
300 _a130 p.
490 _aEnsayos
_v; 4
590 _aBATCH-UPD
_b10
_c20130110
_lUCH01
_h0031
590 _aBATCH-UPD
_b10
_c20130110
_lUCH01
_h2118
590 _aBATCH-UPD
_b10
_c20130410
_lUCH01
_h1428
590 _aBATCH-UPD
_b10
_c20130914
_lUCH01
_h1832
590 _aCONVERSION
_b10
_c20130109
_lUCH01
_h1307
650 1 4 _aJapón
_xCondiciones rurales.
_961083
650 1 4 _aMovimientos campesinos
_xJapón.
_979165
830 _aEnsayos
_v; 4
_937076
901 _aBK
942 _cLIBRO
949 _a301.242 T3
_bBC
_cLIBRO
_d33724000643722
_eLIBRO
_h92122
_i11669
_si
999 _c10923
_d10923